Big book of IPsec RFCs

Αποθηκεύτηκε σε:
Λεπτομέρειες βιβλιογραφικής εγγραφής
Κύριος συγγραφέας: Loshin, Peter
Μορφή: Βιβλίο
Γλώσσα:English
Δημοσίευση: San Diego, CA : Morgan Kaufmann, c2000
Θέματα:
Ετικέτες: Προσθήκη ετικέτας
Δεν υπάρχουν, Καταχωρήστε ετικέτα πρώτοι!

MARC

LEADER 00000cam a2200000 i 4500
001 1/18299
008 010313s2000 eng d
020 |a 0-12-455839-9 
035 |l 10066443 
040 |a GR-MY-UA  |b gre  |e aacr 
041 0 |a eng 
082 0 |a 004.62 
100 1 |a Loshin, Peter. 
245 1 0 |a Big book of IPsec RFCs /  |c compiled by Pete Loshin 
246 3 4 |a Big book of IPsec RFCs  |b ; internet security architecture 
260 |a San Diego, CA :   |b Morgan Kaufmann,   |c c2000 
300 |a 1v. (in various paging) 
504 |a Includes index 
650 0 0 |a Computer network protocols. 
650 0 0 |a Internet. 
650 0 0 |a Computer networks. 
852 |a INST  |b CHIOS  |e 20010313  |h 004.62 LOS  |p 005200021621  |q 005200021621  |t BK  |y 0 
901 |a BIBL2-2001-1 
909 |a Χ  |b 083331 
970 |a ΣΠΕΝΤΖΑ  |b ΕΛΕΝΗ  |z 2001/03/13